| 000 | 01492nam a2200325 a 4500 | ||
|---|---|---|---|
| 001 | BRCA_3247 | ||
| 005 | 20190320204202.0 | ||
| 008 | 110309s1818----enka---###---#000-0#eng-# | ||
| 041 | _aeng | ||
| 044 | _aenk | ||
| 084 |
_a548 _b.W35 _c1818 |
||
| 100 | 1 |
_aCervantes Saavedra, Miguel de _d1547-1616 _9213 |
|
| 245 | 1 | 0 |
_aThe History and Adventures of the Renowned Don Quixote _cTranslated from the Spanish of Miguel de Cervantes Saavedra by T. Smollett to which is Prefixed some Account of the Author´s Life. |
| 260 |
_aLondres _bJ. Walker _c1818 |
||
| 300 |
_a2 v. _bil. _c13 cm. |
||
| 500 | _aContenido : v.1 Primera parte. Breve vida de Cervantes. Nota del traductor. Prólogo del autor. -- v.2. Segunda parte. Texto | ||
| 500 | _aEdición microscópica, nítidamente impresa. Va adornada con ilustraciones dibujadas por T. Uwins y grabadas por Warren. Piel; planos orlados y lomos adornados con dorados Lúdovik osterc | ||
| 500 | _aQM439 | ||
| 546 | _aTexto en : inglés | ||
| 650 | 1 | 4 |
_aNovela española _yÉpoca clásica, 1500-1700 _9215 |
| 650 | 1 | 4 |
_aLiteratura española _yÉpoca clásica, 1500-1700 _9216 |
| 650 | 1 | 4 |
_aNovela española _ySiglo XVII _9217 |
| 650 | 1 | 4 |
_aDon Quijote (Personaje ficticio) _eNovela _9218 |
| 700 | 1 |
_aSmollett, Tobias George _d1721-1771 _eTraductor _98651 |
|
| 700 | 1 |
_aUwins, Thomas _d1782-1857 _eIlustrador _98652 |
|
| 700 | 1 |
_aWarren _eGrabador _98653 |
|
| 740 | 0 | _aEl Ingenioso Hidalgo Don Quijote de la Mancha | |
| 902 | _aQFM | ||
| 942 |
_2lcc _cB |
||
| 999 |
_c2983 _d2983 |
||